000 00819nam a2200217 a 4500
001 BRCA_2105
005 20190320203654.0
008 110808s1991----mx-a---###---#000-0#spa-#
050 4 _aF1391.P8
_b.L43 47
_c1991
100 1 _aTerán Bonilla, José Antonio
_9966
245 1 0 _aAspectos barrocos en el urbanismo de la Ciudad de Puebla
_cJosé Antonio Terán Bonilla.
260 _aPuebla, México
_bGobierno del Estado de Puebla : Secretaría de Cultura : Comisión Puebla V Centenario
_c1991
300 _a30 p.
_bil.
_c21 cm.
440 0 _aLecturas Históricas de Puebla
_n47
_96383
504 _aBibliografía: p. 29-30
650 1 4 _aArte barroco
_zPuebla
_96384
651 4 _aPuebla (México)
_xHistoria
_9409
651 4 _aPuebla (México)
_xVida social y costumbres
_9408
653 0 _aVida cotidiana
942 _2lcc
_cB
999 _c1862
_d1862